000 00416nam a2200181Ia 4500
001 1796
005 20260306143755.0
008 260306t2007||||xx |||||||||||||| ||spa||
041 _aESP
082 _a155.4
_bS21
100 _aSantrock, John W.
_eAUT
245 0 _aDesarrollo infantil
260 _c2007
300 _a585 páginas :
_c21 x 27 cm.
650 _aGEN
654 _aCPS
942 _cLIB
_dJUS
_fJUS
_2ddc
_n
999 _c1796
_d1796